Slovenská ekonomika na križovatke. 1

Stav hospodárstva SR a problémy na ceste k prosperite. Program EÚ na zvýšenie významu kvalifikovaných odvetví s vysokou pridanou hodnotou. Vývoj štruktúry ekonomiky, pokles priemyselnej produkcie. Finančná situácia v podnikoch. Účel privatizácie.

Gespeichert in:
Bibliographische Detailangaben
1. Verfasser: Prno, Ignác
Format: Buchkapitel
Sprache:Slowakisch
Schlagworte:
Tags: Tag hinzufügen
Keine Tags, Fügen Sie das erste Tag hinzu!

MARC

LEADER 00000naa a2200000 4500
001 r024694
005 20221205090420.0
041 0 |a slo 
044 |a SK 
245 1 0 |a Slovenská ekonomika na križovatke. 1  |c I. Prno 
520 |a Stav hospodárstva SR a problémy na ceste k prosperite. Program EÚ na zvýšenie významu kvalifikovaných odvetví s vysokou pridanou hodnotou. Vývoj štruktúry ekonomiky, pokles priemyselnej produkcie. Finančná situácia v podnikoch. Účel privatizácie. 
610 2 0 |a Slovensko 
610 2 0 |a Európska únia 
610 2 0 |a stratégia hospodárska 
610 2 0 |a štruktúra ekonomická 
610 2 0 |a podnik 
610 2 0 |a privatizácia 
610 2 0 |a produktivita práce 
100 1 |a Prno, Ignác